000 00411nam a22001697a 4500
005 20180710115330.0
008 160526b xxu||||| |||| 00| 0 eng d
020 _a81-203-1370-4
041 _aeng
082 _b5341
_a658.15
100 _a Keith, Redhead
_94504
245 _aFinancial Derivatives
260 _aNew Delhi
_bAcademic Faundation
300 _a337p,
650 _aManagement
_9241
942 _cBK
999 _c1887
_d1886